1813 1977 1525 1541 1935 1506 1305 1954 1533 1861 1606 1293 1680 1162 1892 1093 1181 1419 1274 1050 1666 1173 1934 1592 1554 1153 1383 1038 1099 1442 1177 1695 1606 1066 1073 1088 1674 1711 1389 1075 1754 1101 1676 1200 1340 1766 1176 1877 1574 1662 1059 1387 1011 1341 1400 1343 1645 1291 1585 1095 1132 1442 1321 1091 1261 1543 1503 1053 1028 1916 1810 1582 1704 1776 1363 1212 1732 1805 1973 1950 1650 1554 1423 1668 1001 1879 1843 1267 1333 1834 1914 1192 1701 1699 1894 1908 1141 1696 1069 BCNSPRNW ULIB Ver.6.0+V

เปลี่ยนเป็นภาษาไทย

Change to English
 แสดงรายละเอียดบรรณานุกรม
  กลับหน้าหลัก

Brief Record : Get Marc (ISO 2709) : E-mail record : QR code < ปิดหน้าต่าง
LEADER : 00000nam 2200000uu 4500
001    13399110949
003     ULIB
008    110614s||||||||th 000 0 tha d
020    9786169007401
050  4 AC158^bค163ส 2552
100    คริสโตเฟอร์ เบญจกุล
245    สบายดี คริสโตเฟอร์ / ^cคริสโตเฟอร์ แจ๊ค เบญจกุล ผู้เขียน ; ชมพูนุท ดีประวัติ ผู้เขียนร่วม
250    พิมพ์ครั้งที่ 1
260    สมุทรปราการ : ^bครูช้าง, ^c2552
300    หน้า : ^bภาพประกอบ ; ^c21 ซม.
592    Buddhist era q2/52
650  7 นักแสดง
700    ชมพูนุท ดีประวัติ, ^eผู้แต่งร่วม
945    ^p229^l0^i027740
995    ทศพร
999 ^a ใช้งานได้ทุกระบบ
รายการนี้ยังไม่มีแท็ก
คุณยังไม่ได้ล็อกอิน คุณสามารถมีกิจกรรมร่วมกับเว็บไซต์ได้ แต่ต้องล็อกอินก่อน ::
  ล็อกอิน

รายการสื่อสารสนเทศ

ลำดับที่ ประเภท เลขเรียก/บาร์โค้ด สถานที่ สถานะ
- ไม่พบข้อมูล -

BibComment


ยังไม่เคยถูกคอมเมนท์

คอมเมนท์ทรัพยากรรายการนี้
  คอมเมนท์: สบายดี คริสโตเฟอร..


 Copyright 2026. Bcnsprnw @Library